Koncert mi minor - dľa violončeli s orkestrom. Izdanije dľa violončeli s fortepjano.

Uložené v:
Podrobná bibliografia
Hlavný autor: Duport, Jean-Louis, 1749-1819
Médium: Hudobnina
Jazyk:Russian
Vydané: Moskva : Muzgiz, 1960.
Fyzický popis: 33, 11 strán.
Tagy: Pridať tag
Žiadne tagy, Buďte prvý kto otaguje tento záznam!

MARC

LEADER 00000ncm a2200000#i#4500
001 000705335
005 20231121142540.0
008 231121s1960 ru e 000 0 rus d
020 |q Kčs 5,75  |c (brožované) 
040 |a SVKK  |b slo  |c SVKK  |e rda 
100 1 |a Duport, Jean-Louis,  |d 1749-1819 
245 1 0 |a Koncert mi minor - dľa violončeli s orkestrom. Izdanije dľa violončeli s fortepjano. 
264 1 |a Moskva :  |b Muzgiz,  |c 1960. 
300 |a 33, 11 strán. 
336 |a zápis hudby  |b ntm  |2 rdacontent 
337 |a bez média  |b n  |2 rdamedia 
338 |a zväzok  |b nc  |2 rdacarrier 
500 |a Záznam revízie 
910 |a svkkk 
998 |a MU 
090 |g SCKHL  |k Sklad Pribinova 3. posch.  |a V.30586  |j 269091  |i 2720849870  |s Absenčne